Black beauty Level 2
This book is about the life of a beautiful horse as a colt, adult, and retired animal and addresses issues horses had to deal with in regards to being used to pull carriages for money making and about the fair and kind treatment of animals used by people.
Kaydedildi:
| Yazar: | |
|---|---|
| Diğer Yazarlar: | , , |
| Materyal Türü: | Kitap |
| Dil: | Vietnamese |
| Baskı/Yayın Bilgisi: |
London
Pearson Education Limited
2008
|
| Seri Bilgileri: | Penguin Young Readers
|
| Konular: | |
| Etiketler: |
Etiketle
Etiket eklenmemiş, İlk siz ekleyin!
|
| Thư viện lưu trữ: | Thư viện Trường Đại học Nam Cần Thơ |
|---|
| LEADER | 01145nam a22002537a 4500 | ||
|---|---|---|---|
| 001 | NCT_4_008084 | ||
| 008 | 240529b xxu||||| |||| 00| 0 vie d | ||
| 999 | |c 8336 |d 8336 | ||
| 020 | |a 9781405842815 | ||
| 082 | 0 | 4 | |2 23rd ed. |a 428 |b S516 |
| 100 | 1 | |a Sewell, Anna | |
| 245 | 1 | 0 | |a Black beauty |n Level 2 |c Anna Sewell ; Andy Hopkins, Jocelyn Potter (Series editor) |
| 260 | |a London |b Pearson Education Limited |c 2008 | ||
| 300 | |a iv, 44 p. |b ill. |c 20 cm | ||
| 490 | 0 | |a Penguin Young Readers | |
| 504 | |a . | ||
| 520 | 3 | |a This book is about the life of a beautiful horse as a colt, adult, and retired animal and addresses issues horses had to deal with in regards to being used to pull carriages for money making and about the fair and kind treatment of animals used by people. | |
| 653 | |a Tham khảo | ||
| 700 | 1 | |a Davage, John |e Retold | |
| 700 | 1 | |a Hopkins, Andy |e Series editor | |
| 700 | 1 | |a Potter, Jocelyn |e Series editor | |
| 942 | |2 ddc |c BK | ||
| 952 | |0 0 |1 0 |2 ddc |4 0 |6 428_000000000000000_S516 |7 0 |9 28895 |a 000001 |b 000001 |d 2024-05-29 |o 428 S516 |p TK.00989 |r 2024-05-29 |w 2024-05-29 |y BK | ||
| 980 | |a Thư viện Trường Đại học Nam Cần Thơ | ||


